000 00456nam a2200181Ia 4500
001 12690
005 20260306163000.0
008 260306t2022||||xx |||||||||||||| ||spa||
041 _aESP
082 _aHR 658
_bSET-OCT 2022 HBR
110 _aHarvard Business School Publishing Corporation
245 0 _aHarvard Business Review
260 _c2022
300 _a156 páginas :
_c26 cm.
650 _aGEN
654 _aCAN
942 _cREV
_dJUS
_fJUS
_2ddc
_n
999 _c12690
_d12690